000
00241nam a22001097a 4500
082
_a
678.2 BRA'I
100
_a
BRAS, JEAN LE
_9
78339
245
_a
INTRODUCTION TO RUBBER
260
_a
LONDON
_b
MACMILLAN
_c
1968
300
_a
104P
942
_c
BK
999
_c
583477
_d
583477